02665nam a2200397 a 450000100100000000500170001000800410002704000250006804100130009308200170010611100920012324502810021524600750049624600740057126000910064530000410073650400730077754600350085065000840088565100650096965100660103470000430110070000590114371000660120291000370126804900090130595201230131495201230143795201230156095201230168395201080180695201140191495201080202895201140213699900170225000002492820210420095436.0110208s2005 dr abc 000 0 spa d aDO-SdBNPbspacBNPHU17aengbfre a972.9bC749a2 aCongreso Internacional de Arquología del Cariben(20 :d2003 :cSanto Domingo)95117310aActas del XX Congreso Internacional de Arqueología del Caribe = Proceedings of the XX International Congress for Caribbean Archaeology = Actes du XXe Congrès International D' Archéologie de la Caraïbe /ceditores Clenis Tavárez María, Manuel A. Gracía Arévalo.31aProceedings of the XX International Congress for Caribbean Archaeology31aActes du XXe Congrès International D' Archéologie de la Caraïbe aSanto Domingo :bMuseo del Hombre Dominicano :bFundación García Arévalo,c2005. a2 v. :bil., mapas, retrs. ;c29 cm. aIncluye referencias bibliográficas y notas al pie de las páginas aEspañol, inglés, francés 4aIndígenas de las antillasxAntiguedadesxCongresos, conferencias, etc.951174 4aAntillasxAntiguedadesxCongresos, Conferencias, Etc.951175 4aAntillasxArqueologíaxCongresos, Conferencias, Etc.95117612aTavárez María, Clenis,eed.95117712a García Arévalo, Manuel Antoniod1948-eed.9594572 aAsociación Internacional de Arqueología del Caribe951179 aValidado. Control de calidad MFF aBNPD 001054708PDaGRbGRcHDd2011-04-14iLF1l0ov. 1, e. 3p24928-30r2020-06-25w2020-06-25yLFPDZPréstamo en sala 001054708PDaGRbGRcHDd2011-04-14iLF1l0ov. 1, e. 4p24928-40r2020-06-25w2020-06-25yLFPDZPréstamo en sala 001054708PDaGRbGRcHDd2011-04-14iLF1l0ov. 2, e. 3p24928-70r2020-06-25w2020-06-25yLFPDZPréstamo en sala 001054708PDaGRbGRcHDd2011-05-04iLF1l0ov. 2, e. 4p24928-80r2020-06-25w2020-06-25yLFPDZPréstamo en sala 0010718PDaPDbPDcHDd2011-02-08iLF1l0ov. 1p24928-10r2020-06-25w2020-06-25yLFPDZNo se presta 0010718PDaPDbPDcHDd2011-04-14iLF1l0ov. 1, e. 2p24928-20r2020-06-25w2020-06-25yLFPDZNo se presta 0010718PDaPDbPDcHDd2011-04-14iLF1l0ov. 2p24928-50r2020-06-25w2020-06-25yLFPDZNo se presta 0010718PDaPDbPDcHDd2011-04-14iLF1l0ov. 2, e. 2p24928-60r2020-06-25w2020-06-25yLFPDZNo se presta c24421d24421